00309nam a2200121 a 4500001000400000003000500004005001700009008004100026040002000067100002400087245005600111260002000167787CDMR20130116135158.0130130s1972||||||||||||||||||||||||||||d aCDMRbcatcCDMR1 aJauma Grau, Lorenzo10aDon Miguel de los Santos OlivercLorenzo Jauma Grau aBarcelonac1972